000 00463nam a2200169 a 4500
001 0000-9060
003 ELIB.Books
008 110520 1959
035 _a(ELIB.Books)0000-9209
082 _a225.7
_bSti
100 _aStibbs, Alan M.
245 _aTyndale (The First Epistle General of Peter)
260 _bGrand Rapids: Wm. B. Eerdmans Publishing Co.
_c1959
650 _aCommentaries
942 _2ddc
_cBK
998 _cbat
_e2011-05-20
999 _c9060
_d9060